Formula One All Las Vegas GP Podiums - Statistics

General Stats
  • This quiz has been taken 21 times
  • The average score is 8 of 9
Answer Stats
Hint Answer % Correct
2nd Charles Leclerc
100%
20231st Max Verstappen
100%
20251st Max Verstappen
100%
20241st George Russell
95%
2nd George Russell
95%
2nd Lewis Hamilton
95%
3th Sergio Perez
95%
3th Carlos Sainz
86%
3th Kimi Antonelli
81%
No matching quizzes found
Score Distribution
Percent of People with Each Score
Percentile by Number Answered
Your Score History
You have not taken this quiz